| Поле | Инд. | ПП | Название | Значение |
|---|---|---|---|---|
| Тип записи | a | |||
| Библиографический уровень | b | |||
| 001 | Контрольный номер | RU/IS/BASE/212504932 | ||
| 005 | Дата корректировки | 20200522191042.3 | ||
| 008 | Кодируемые данные | 20060925 | ||
| 040 | b | Код языка каталог. | rus | |
| e | Правила каталог. | PSBO | ||
| 041 | 0_ | a | Код языка текста | rus |
| 084 | a | Индекс другой классификации/Индекс ББК | 63.3(2)6-3 | |
| 100 | 1_ | a | Автор | Жаворонков А. |
| q | Полное имя | Жаворонков Александр Васильевич | ||
| 245 | 10 | a | Заглавие | Фрагменты и свидетельства |
| b | Продолж. заглавия | (Шутки Сталина. Отрывок из книги) | ||
| 600 | a | Персоналии | Сталин Иосиф Виссарионович | |
| 650 | a | Основная рубрика | внутренняя политика | |
| a | Основная рубрика | история | ||
| a | Основная рубрика | политика | ||
| 653 | a | Ключевые слова | XX век | |
| a | Ключевые слова | Россия | ||
| a | Ключевые слова | советский период | ||
| a | Ключевые слова | СССР | ||
| 773 | 0_ | t | Заглавие источника | Вестник Московского университета. Серия 18, Социология и политология |
| d | Дата издания источника | 2006 | ||
| g | Прочая информация | № 3. - С. 141 - 156 | ||
| w | Контрольный № источника | RU/IS/BASE/211298150 | ||
| 901 | t | Тип документа | b |